<?xml version="1.0" encoding="UTF-8"?>
<marc:record xmlns:marc="http://www.loc.gov/MARC21/slim">
   <marc:leader>00000nam a2200000 a 4500</marc:leader>
   <marc:datafield ind1="1" ind2=" " tag="100">
      <marc:subfield code="a">Ruthe, Ralf</marc:subfield>
      <marc:subfield code="4">aut</marc:subfield>
      <marc:subfield code="e">Verfasser/-in</marc:subfield>
   </marc:datafield>
   <marc:datafield ind1="1" ind2=" " tag="100">
      <marc:subfield code="a">Hörnig, Haiko</marc:subfield>
      <marc:subfield code="4">aut</marc:subfield>
      <marc:subfield code="e">Verfasser/-in</marc:subfield>
   </marc:datafield>
   <marc:datafield ind1=" " ind2=" " tag="653">
      <marc:subfield code="a">Tonies-Hörfigur-Hörbuch</marc:subfield>
   </marc:datafield>
   <marc:datafield ind1="0" ind2="0" tag="245">
      <marc:subfield code="a">Das Klo</marc:subfield>
   </marc:datafield>
   <marc:datafield ind1="0" ind2="0" tag="245">
      <marc:subfield code="b">Hörspiel mit Liedern - Tonies-Hörfigur</marc:subfield>
   </marc:datafield>
   <marc:datafield ind1="0" ind2="0" tag="245">
      <marc:subfield code="c">Ruthe, Ralf</marc:subfield>
   </marc:datafield>
   <marc:datafield ind1=" " ind2="1" tag="264">
      <marc:subfield code="a">Berlin</marc:subfield>
      <marc:subfield code="b">Boxine GmbH</marc:subfield>
      <marc:subfield code="c">2021</marc:subfield>
   </marc:datafield>
   <marc:datafield ind1="1" ind2=" " tag="520">
      <marc:subfield code="a">Vielen Erwachsenen ist Ralph Ruthe durch seine legendären Cartoons ein Begriff. Mit einem kindgerechten Hörspiel erobert er jetzt auch die Kinderwelt.&#xD;
&#xD;
Das Klo hat die Nase gestrichen voll vom Badezimmeralltag. Also bu¨xt es aus und sucht sein Glu¨ck in der weiten Welt. Dabei trifft es Tiere und Gespens­ter, versucht sich als Bu¨rsten­vertreter, findet den Klostein der Weisen und lernt, dass es immer scho¨n ist, wieder da anzukommen, wo man gebraucht wird.&#xD;
&#xD;
Sprecher: Ralph Ruthe, Haiko Hörnig, Marco Göllner, Eve Jay, Tina Ruthe&#xD;
&#xD;
Hörspiel mit Liedern&#xD;
ab 3 Jahren</marc:subfield>
   </marc:datafield>
   <marc:datafield ind1="3" ind2=" " tag="024">
      <marc:subfield code="a">4251192116529</marc:subfield>
   </marc:datafield>
   <marc:datafield ind1=" " ind2=" " tag="041">
      <marc:subfield code="a">ger</marc:subfield>
   </marc:datafield>
   <marc:datafield ind1=" " ind2=" " tag="338">
      <marc:subfield code="a">Audiodisk</marc:subfield>
   </marc:datafield>
   <marc:datafield ind1=" " ind2=" " tag="300">
      <marc:subfield code="a">Box mit booklet</marc:subfield>
   </marc:datafield>
</marc:record>
